MDQL
is popping MORE tags! Check the
thread
!
Quizzes
Events
Quiz Creation
Community
Videos
Private Events
Remove Ads
Sign In
Join for FREE
Feedback
Dark Mode
Quiz Categories
Sports
Geography
Music
Movies
Television
Just For Fun
Miscellaneous
History
Literature
Language
Science
Gaming
Entertainment
Religion
Holiday
For Kids
Quiz Lab
Recent
Popular Today
Quiz Kudos Today
Editor Picks
Curator Picks
Quizzes by...
Day
Popularity
Type
Ratings
Length
Year
Community
Subscriptions
Recent Discussions
Orange Saloon
Badges
Playlists
Quests
Create
Leaderboards
Showdown
Live 5
Trivia Bingo
Activity
Puzzle Library
Sporcle Events
Private Events
Virtual Trivia
Globe League
Become a Host
Pub Owners
SporcleCon
Opinionation
Our Games
Videos
Blog
Mobile Apps
Partnerships
Remove Ads and Go Orange
Feedback
Language
Vocabulary
Begins and Ends
Definition
Spanish
French
German
Italian
Chinese
Latin
Translation
Japanese
Language
Vocabulary
Begins and Ends
Definition
Spanish
French
German
Italian
Chinese
Latin
Translation
Japanese
Random Quiz
Search Sporcle
×
Quiz Lab
Quiz Lab
Language
French
Type in answers that appear in a list
Type in answers that appear in a list
Classic
Best Score? Go Orange.
French Unemployment Vocab Stats
Can you name the French Unemployment Vocab?
By
matthew6
15m
44 Questions
10 Plays
10 Plays
10 Plays
Comments
Comments
Give Quiz Kudos
Give Quiz Kudos
-
- Ratings
hide this ad
Replay
Link that replays current quiz
Next Quiz
Link to next quiz in quiz playlist
You Got
0%
They Got
Avg Score
38%
Avg Friend Score
Upgrade to see
Score Distribution
Jump to the score distribution portion of the page
Score
0/44
Timer
15:00
0
Plays Today
French
English
% Correct
un boulot
job
80%
la connaissance
knowledge
70%
la solution
solution
70%
un mendiant
beggar
60%
absolument
absolutely
60%
un sans-
abris
homeless person
60%
j'ai eu la chance
i was lucky
60%
la formation
training
60%
enseigner
to teach
60%
apprendre
to learn
60%
un(e) retraité(e)
retired person
60%
le lendemain
next day
60%
souhaiter
to wish
60%
prendre la charge
to take charge
60%
Qui a raison?
Who is right?
60%
les alloctions de chômage
unemployment benefits
50%
sans espoir
without hope
50%
un entretien
interview
50%
ayant
with
50%
diriger
to lead
50%
le marché du travail
job market
40%
la fac
university
40%
French
English
% Correct
touché
affected
40%
une apprentissage
apprenticeship
40%
les compétences
skills
40%
les contrats temporaires
temporary contracts
40%
s'inscrire
to sign on
30%
de mal en pis
from bad to worse
30%
embaucher
to employ
30%
j'ai beau essayer
no matter how hard i try
20%
l'enseignement
education
20%
débouché
opportunity
20%
en train de
in the middle of
20%
A quoi ça sert (de)
what's the point
20%
prêt
loan
20%
étonner
to surprise
20%
une voie royale
golden ticket
10%
un diplômé
graduates
10%
pertinence
relevance
10%
il est au profit de
it is for the benefit of
10%
convoqué
interviewed
0%
mener
to guarantee
0%
peu reconnaissants
ungrateful
0%
de quoi
something
0%
Quiz Playlist
Details
Report
Send in Message
Add To Playlist
Classic:
Type in answers that appear in a list
Last Updated: Feb 16, 2017
Quiz Scoreboard
CHALLENGE
Sign Up to Join the Scoreboard
Show All
Scores
Hide
Comments
May contain spoilers
Recently Published
Holiday 10x10 Sorting Gallery
by lukepisani3
Holiday
15m
Two Season TV Shows II
by 123Four
Television
10m
Image Sorting: Flags VI
by Barbecue
Geography
2m
More to Explore
Quiz From the Vault
Featured Blog Post
14 Easter Pick-up Lines to Find Eggs With
hide this ad
You Might Also Like...
Tags
French Quiz
Unemployment
Today's Top Quizzes in Language
Browse Language
hide this ad
Today's Top Quizzes in French
Browse French
Top Contributed Quizzes in Language
1
What Word Starts All?
2
1-10 Letter F Words III
3
Weisst du, aus welchen Sprachen diese Wörter stammen?
4
1-10 Letter G Words III
5
1-10 Letter H Words III
6
Harry Potter book 6 chapters: English & Greek
7
Arabic Numerals
8
1-10 Letter I Words III
9
One Thing in Common: Italy
10
Celtic Nations in their Language
Explore More
Trending Topics
Disney
Anime
Crossword
Harry Potter
NBA
Marvel
Kpop
WWE
Pokémon
NFL
Soccer
Country
The Office
Puzzle
Song
hide this ad
More By:
matthew6
Quiz
Plays
Rating
Category
Featured
Created
The French Subjunctive Conjugated Verbs
222
5.00
Language
Feb 18, 2015
Newcastle United Squad for the 2014/15 season
148
Sports
Aug 19, 2014
The French Subjunctive Triggers
106
Language
Feb 18, 2015
French Crime Vocab
35
2.67
Language
Mar 1, 2015
French Immigration Vocab
23
Language
Feb 27, 2015
Go to Creator's Profile
Score Distribution
Quiz Creator Spotlight
matthew6
Follow
Send a Message
Quizzes Created
-
Created Quiz Play Count
-
More By This Creator
Popular Quizzes Today
1
Find the US States - No Outlines Minefield
2
Colored Red Africa Blitz
3
Find the 'City' Movie
4
The Countries of the World
5
5x2 Blitz: Bands
6
Find the US States
7
Find the Countries of Europe - No Outlines Minefield
8
US States
More Language Quizzes
Literature by Definition: William Shakespeare
Published
Trending Quizzes
Colored Red Europe Blitz I
Colored Red Europe Blitz II
Colored Red Africa Blitz II
Colored Red Europe Blitz III
Colored Red Africa Blitz III
Recently Updated
Odd Team Out - Big 4 Players
pecheneg
Quick Pick: 20 Twenties
pecheneg
March Madness Men's Triple Doubles
pecheneg
How Do You Spell That?
pecheneg
Godzilla Movies
pecheneg
Grab Bag: 4-10 Letters
pecheneg
2024 March Madness Bracket
pecheneg
Famous TV Couples
Peacemaker
Champions League XIs: Real Madrid
pecheneg
Largest US Cities 1790-2010
pecheneg
Trending Topics
Harry Potter
Disney
Kpop
NBA
Crossword
Anime
Marvel
Song
Pokémon
The Office
WWE
Country
Soccer
Puzzle
NFL
Your Account Isn't Verified!
In order to create a playlist on Sporcle, you need to verify the email address you used during registration. Go to your
Sporcle Settings
to finish the process.
Report this User
Report this user for behavior that violates our
Community Guidelines
.
Details:
Send Report
Go to the Sporcle.com Mobile Site →
Comments